000 00792nam a2200205Ia 4500
003 OSt
005 20250714125449.0
008 210210b2003 xxu||||| |||| 00| 0 eng d
040 _cAL
041 _aKannada
082 _aK894.8 SAMA
100 _aSAMAGRA DASA SAHITYA.
_9151250
_dಸಮಗ್ರ ದಾಸ ಸಾಹಿತ್ಯ
245 _aSamagra dasa sahitya: samputa; 9, bhaga 1, Shri Vijayadasara kirtanegalu.
_bಸಮಗ್ರ ದಾಸ ಸಾಹಿತ್ಯ : ಸಂಪುಟ ೯, ಭಾಗ ೧, ಶ್ರೀ ವಿಜಯದಾಸರ ಕೀರ್ತನೆಗಳು
260 _aBengaluru
_bKannada mattu Samskrati Nirdeshanalalya
_c2003
300 _a63,459
650 _aDasasahitya
_9151251
690 _aKannada Miscellaneous
_9151252
906 _a059375
942 _2ddc
_cBK
999 _c106592
_d106592